| 000 | 00974cac a22002651u 4500 | ||
|---|---|---|---|
| 090 | _c7061 | ||
| 008 | 081112t2000 xxu||||| |||| 00| 0 eng d | ||
| 010 | _a00105487 | ||
| 020 | _a0155067966 | ||
| 082 | 0 | 0 |
_a170 _bSOM |
| 245 | 0 | 0 |
_aVice & virtue in everyday life : _bintroductory readings in ethics / _c[compiled by] Christina Hoff Sommers, Fred Sommers. |
| 246 | 3 | _aVice and virtue in everyday life | |
| 250 | _a5th ed. | ||
| 260 |
_aFort Worth, TX : _bHarcourt College Publishers, _c[2000] |
||
| 300 |
_axiv, 891 p. : _bill. ; _c21 cm. |
||
| 500 | _adistributer: Al-Ahram | ||
| 504 | _aIncludes bibliographical references. | ||
| 511 | _acatalogued by: wessam | ||
| 650 | 0 | _aEthics. | |
| 650 | 0 | _aSocial ethics. | |
| 700 | 1 | _aSommers, Christina Hoff. | |
| 700 | 1 |
_aSommers, Frederic Tamler, _d1923- |
|
| 942 |
_cBB _k170SOM _2ddc |
||
| 999 |
_c7061 _d7061 |
||